000 00494nam a2200181Ia 4500
005 20250326124008.0
008 250326s9999 xx 000 0 und d
037 _aTextbook
040 _aFMSL
_beng
_cFMSL
041 _aeng
_2eng
084 _aX K5
_qFMSL
100 _aLeibenstein H
_9736571
245 0 _aEconomic theory and organizational analysis
_cLeibenstein H
260 _aNY
_bNY, Harper & Row
_c1965
300 _a349p
942 _cTB
_hX K5
999 _c1271805
_d1271805